000 00833nam a2200289Ia 4500
001 dia_5890
003 CHAP
005 20251023154251.0
008 220117s2011 xx 000 0 und d
010 _a177015
020 _a978-0-12-372486-1
040 _cCHAP
082 _a664.028 H45 2011
100 1 _aHeldman, Dennis R.
_953411
245 _aFood preservation process design /
_c Dennis R. Heldman
260 _aEstados Unidos de América :
_b Elsevier,
_c2011
300 _aix, 354 p.
503 _aC/e
504 _aIncluye bibliografías
590 _aTP371.2 H46 2011
650 _aFood preservation
_9147450
650 _aPreservación de alimentos
_9144378
901 _a664.028 H45 2011
902 _aM
905 _a5232272011 -USMN 8222123322ENG16
942 _cLIBRO
_2ddc
999 _c177015
_d177015